000 00305nam a22001337a 4500
008 180918b xxu||||| |||| 00| 0 eng d
020 _a9780835950503
041 _aeng
080 _a616.12
100 _a7
101 _aKAR
245 _aAdvanced Cardiac Life Support
_cMistovich, J.J
942 _2udc
_cBK
999 _c47901
_d47901